| 000 | 02294nam0a2200385 4500 | ||
|---|---|---|---|
| 001 | RU\NLR\bibl\1072128 | ||
| 005 | 20260407155829.0 | ||
| 010 | _a5-85759-195-3 | ||
| 010 |
_a978-5-98379-078-0 _9500 |
||
| 021 |
_aRU _b2007-14046 _9752 |
||
| 035 | _a(NLR Aleph) 001059354 | ||
| 090 |
_a928663 _c928663 |
||
| 100 | _a20070411d2007 |||y0rusy50 ca | ||
| 101 | 0 |
_arus _aeng |
|
| 102 | _aRU | ||
| 105 | _aa ||||||||| | ||
| 200 | 1 |
_aБалты и Великое княжество Литовское _eисторико-лингвистический взгляд _eпамяти Эгидиюса Банениса _e[сборник статей по материалам конференции "Балты в древности и Средневековье: языки, история, культура", (11-12 декабря 2000 г.) _fредкол.: к.и.н. Е.Л. Назарова (отв. ред.) и др.] |
|
| 210 |
_aМосква _cНовое изд-во _d2007 |
||
| 215 |
_a310 с. _cил., карт. _d21 |
||
| 300 | _aВ надзаг.: Посольство Лит. Респ. в Рос. Федерации, Дом Юргиса Балтрушайтиса, Рос. акад. наук, Ин-т всеобщ. истории | ||
| 300 | _aЧасть текста на англ. яз. | ||
| 320 | _aБиблиогр. в конце ст. и в подстроч. прим. | ||
| 607 |
_aВеликое княжество Литовское _jСборники _xИстория _91511968 _3RU\NLR\auth\66656436 |
||
| 686 | _aТ3(2)436я43 | ||
| 686 | _aШ142я43 | ||
| 686 | _aШ140/159я43 | ||
| 702 | 1 |
_aБаненис _bЭ. _f1948 - 1993 _gЭгидиюс _4570 |
|
| 702 | 1 |
_4340 _7ca _8rus _aНазарова _bЕ. Л. _cканд. ист. наук _gЕвгения Львовна _911491 _3RU\NLR\auth\7728460 |
|
| 711 | 1 | 2 |
_4070 _a"Балты в древности и Средневековье: языки, история, культура", конференция _eМосква _f2000 _9695699 _3RU\NLR\AUTH\8810097296 |
| 712 | 0 | 1 |
_4570 _aЛитовская Республика _bПосольство в Российской Федерации _9551865 _3RU\NLR\AUTH\8810026849 |
| 801 | 0 |
_aRU _bNLR _c20070411 _gRCR |
|
| 801 | 1 |
_aRU _bNLR _c20070411 |
|
| 942 | _cBOOK | ||
| 980 | _aNB | ||